000
00285nam a22001217a 4500
008
170523b xxu||||| |||| 00| 0 eng d
041
_a
eng
080
_a
94(4)
100
_a
16
101
_a
SHH
245
_a
ROMANTICISM AND REVOLT EUROPE 1815-1848
_c
BARRACLOUGH, G
942
_2
udc
_c
BK
999
_c
13853
_d
13853